| 000 | 02045nam a2200421 i 4500 | ||
|---|---|---|---|
| 001 | ebr10767166 | ||
| 003 | CaPaEBR | ||
| 006 | m o d | ||
| 007 | cr cn||||||||| | ||
| 008 | 130318t20132013dcu o 001 0 eng|d | ||
| 020 | _z9781614992370 (hardcover) | ||
| 020 | _a9781614992387 (e-book) | ||
| 040 |
_aCaPaEBR _beng _erda _epn _cCaPaEBR |
||
| 035 | _a(OCoLC)861536684 | ||
| 050 | 1 | 4 |
_aHG176.7 _b.R43 2013eb |
| 245 | 0 | 0 |
_aReal options, ambiguity, risk and insurance : _bworld class university program in financial engineering, Ajou University. Volume two / _cedited by Alain Bensoussan, Shige Peng, Jaeyoung Sung. |
| 264 | 1 |
_aWashington, DC : _bIOS Press, _c[2013] |
|
| 264 | 4 | _c�2013 | |
| 300 | _a1 online resource (296 pages). | ||
| 336 |
_atext _2rdacontent |
||
| 337 |
_acomputer _2rdamedia |
||
| 338 |
_aonline resource _2rdacarrier |
||
| 490 | 1 |
_aStudies in probability, optimization and statistics, _x0928-3986 ; _vvolume 5 |
|
| 500 | _aIncludes index. | ||
| 505 | 0 | _apart 1. Real options -- part 2. Ambiguity -- part 3. Risk and insurance. | |
| 588 | _aDescription based on print version record. | ||
| 590 | _aElectronic reproduction. Palo Alto, Calif. : ebrary, 2013. Available via World Wide Web. Access may be limited to ebrary affiliated libraries. | ||
| 650 | 0 | _aFinancial engineering. | |
| 650 | 0 | _aInvestments. | |
| 655 | 0 | _aElectronic books. | |
| 700 | 1 | _aBensoussan, Alain. | |
| 700 | 1 | _aPeng, Shige. | |
| 700 | 1 | _aSung, Jaeyoung. | |
| 776 | 0 | 8 |
_iPrint version: _tReal options, ambiguity, risk and insurance : world class university program in financial engineering, Ajou University. Volume two. _dWashington, DC : IOS Press, [2013] _hxiii, 279 pages _kStudies in probability, optimization and statistics ; volume 5 _x0928-3986 ; _z9781614992370 _w(DLC)17663533 |
| 797 | 2 | _aebrary. | |
| 830 | 0 |
_aStudies in probability, optimization, and statistics ; _vv. 5. |
|
| 856 | 4 | 0 |
_uhttp://site.ebrary.com/lib/rucke/Doc?id=10767166 _zAn electronic book accessible through the World Wide Web; click to view |
| 999 |
_c125470 _d125470 |
||